Иллюстрированное собрание романов Фенимора Купера. [Т. 7]. Кн. 20-22: [Пенитель моря, или Морская волшебница | Браво (Венецианский бандит) (Запись № 6924814)

Подробности
000 -МАРКЕР
контрольное поле 01865nam2a22003731 4500
001 - ИДЕНТИФИКАТОР ЗАПИСИ
контрольное поле v19\rc\1950751
005 - ИДЕНТИФИКАТОР ВЕРСИИ
контрольное поле 20251118181106.6
035 ## - ДРУГИЕ СИСТЕМНЫЕ НОМЕРА
Идентификатор записи (NLR Aleph) 005053992
100 ## - ДАННЫЕ ОБЩЕЙ ОБРАБОТКИ
Данные общей обработки 20080428d1913 u y0rusy50 ca
101 1# - ЯЗЫК РЕСУРСА
Язык текста, звукозаписи и т.д. русский
Язык оригинала английский
-- английский
102 ## - СТРАНА ПУБЛИКАЦИИ ИЛИ ПРОИЗВОДСТВА
Страна публикации Российская Федерация
105 ## - ПОЛЕ КОДИРОВАННЫХ ДАННЫХ: ТЕКСТОВЫЕ МАТЕРИАЛЫ, МОНОГРАФИЧЕСКИЕ
Кодированные данные о монографическом текстовом документе y z |||||
200 1# - ЗАГЛАВИЕ И СВЕДЕНИЯ ОБ ОТВЕТСТВЕННОСТИ
Основное заглавие [Пенитель моря, или Морская волшебница
Параллельное заглавие The water witch
Первые сведения об ответственности Пер. А. Богданова
Язык параллельного заглавия английский
Основное заглавие Браво (Венецианский бандит)
Параллельное заглавие The bravo
Первые сведения об ответственности Пер. В.А. Гатцука]
Язык параллельного заглавия английский
215 ## - ФИЗИЧЕСКАЯ ХАРАКТЕРИСТИКА
Специфическое обозначение материала и объем 296, 248 с.
461 #0 - УРОВЕНЬ НАБОРА
Встроенное поле 001v19\rc\1950744
-- 2001#$aИллюстрированное собрание романов Фенимора Купера$e[С портр. авт. и биогр. очерком]. [Т. 1-12]$v[Т. 7]. Кн. 20-22
-- 700#1$aКупер$bД.Ф.$f1789-1851$gДжеймс Фенимор
Системный номер (АБИС) связанной записи 6924745
Автор Купер, Д. Ф. (1789-1851)
Место публикации Санкт-Петербург
Дата публикации [1913]
Имя издателя, распространителя и т.д. П.П. Сойкин
Сведения, относящиеся к заглавию [С портр. авт. и биогр. очерком]. [Т. 1-12]
Физическая характеристика 12 т.
Заглавие Иллюстрированное собрание романов Фенимора Купера
Номер тома [Т. 7]. Кн. 20-22
510 1# - ПАРАЛЛЕЛЬНОЕ ЗАГЛАВИЕ
Параллельное заглавие The water witch
Язык заглавия английский
510 1# - ПАРАЛЛЕЛЬНОЕ ЗАГЛАВИЕ
Параллельное заглавие The bravo
Язык заглавия английский
517 1# - ДРУГИЕ ВАРИАНТЫ ЗАГЛАВИЯ
Вариант заглавия Морская волшебница
517 1# - ДРУГИЕ ВАРИАНТЫ ЗАГЛАВИЯ
Вариант заглавия Венецианский бандит
540 1# - ДОПОЛНИТЕЛЬНОЕ ЗАГЛАВИЕ, ПРИМЕНЯЕМОЕ КАТАЛОГИЗАТОРОМ
Заглавие Пенитель моря, или Морская волшебница
702 #1 - ИМЯ ЛИЦА - ВТОРИЧНАЯ ОТВЕТСТВЕННОСТЬ
Начальный элемент ввода Богданов
Часть имени, кроме начального элемента ввода А.
Код отношения Переводчик
702 #1 - ИМЯ ЛИЦА - ВТОРИЧНАЯ ОТВЕТСТВЕННОСТЬ
Начальный элемент ввода Гатцук
Часть имени, кроме начального элемента ввода В.А.
Расширение инициалов личного имени Владимир Алексеевич
Код отношения Переводчик
801 #0 - ИСТОЧНИК ЗАПИСИ
Страна Российская Федерация
Организация NLR
Правила каталогизации psbo
801 #0 - ИСТОЧНИК ЗАПИСИ
Страна Российская Федерация
Организация RuMoRGB
Источник данных psbo
801 #1 - ИСТОЧНИК ЗАПИСИ
Страна Российская Федерация
Организация ProSoft-M
Источник данных rusmarc
852 ## - МЕСТОНАХОЖДЕНИЕ И ШИФР ХРАНЕНИЯ
Идентификатор организации NLR
Шифр хранения (Call Number) 129/972(20-22)
852 ## - МЕСТОНАХОЖДЕНИЕ И ШИФР ХРАНЕНИЯ
Идентификатор организации NLR
Шифр хранения (Call Number) 18.311.7А.3(20-22)
899 ## - ДАННЫЕ О МЕСТОНАХОЖДЕНИИ (устаревшее)
Местонахождение RuMoRGB
Шифр хранения V 34/83
899 ## - ДАННЫЕ О МЕСТОНАХОЖДЕНИИ (устаревшее)
Местонахождение БАН
899 ## - ДАННЫЕ О МЕСТОНАХОЖДЕНИИ (устаревшее)
Местонахождение RuMoRGB
Шифр хранения U 158/74
942 ## - ДОПОЛНИТЕЛЬНЫЕ ЭЛЕМЕНТЫ ЗАПИСИ (АБИС)
Тип экземпляра АБИС Книга
980 ## - КОЛЛЕКЦИЯ
Название коллекции Национальная библиография
Экземпляры
Тип экземпляра Дата поступления Библиотека постоянного хранения Библиотека текущего хранения Место хранения Шифр хранения Штрих-код Статус экземпляра
Книга 26.10.2013 РНБ (Московский) РНБ (Московский) Неопределен, для заказа не доступен, в ЭК виден   5053992-50  
Книга 26.10.2013 РНБ (Садовая) РНБ (Садовая) Русский книжный фонд -Главное здание, Ленинский читальный зал 129/972(20-22) 5053992-10  
Книга 26.10.2013 РНБ (Садовая) РНБ (Садовая) Русский книжный фонд -Главное здание, Ленинский читальный зал 18.311.7А.3(20-22) 5053992-20